Verejná diplomacia – na príklade nemeckofónnych štátov bakalárska práca

Saved in:
Bibliographic Details
Main Author: Poláková, Petra
Corporate Author: Fakulta medzinárodných vzťahov EU. Katedra medzinárodných ekonomických vzťahov a hospodárskej diplomacie
Other Authors: Rusiňák, Peter
Format: Book
Language:Slovak
Published: Bratislava 2013
Tags: Add Tag
No Tags, Be the first to tag this record!

MARC

LEADER 00000nbm a2200000 4500
001 0172731
005 20161109112113.9
041 0 |a slo 
044 |a SK 
245 1 0 |a Verejná diplomacia – na príklade nemeckofónnych štátov  |b bakalárska práca  |c Petra Poláková ; školiteľ: Peter Rusiňák 
264 1 |a Bratislava  |c 2013 
300 |a 51 s. 
100 1 |a Poláková, Petra 
700 1 |a Rusiňák, Peter 
710 2 |a Fakulta medzinárodných vzťahov EU. Katedra medzinárodných ekonomických vzťahov a hospodárskej diplomacie